Theoretical ecosystem ecology : (Record no. 6917)

MARC details
000 -LEADER
fixed length control field 01333pam a2200325 a 4500
001 - CONTROL NUMBER
control field 690058
003 - CONTROL NUMBER IDENTIFIER
control field OSt
005 - DATE AND TIME OF LATEST TRANSACTION
control field 20210510103644.0
008 - FIXED-LENGTH DATA ELEMENTS--GENERAL INFORMATION
fixed length control field 960429s1998 enka b 001 0 eng
010 ## - LIBRARY OF CONGRESS CONTROL NUMBER
LC control number 96018908
020 ## - INTERNATIONAL STANDARD BOOK NUMBER
International Standard Book Number 0521580226 (hbk)
020 ## - INTERNATIONAL STANDARD BOOK NUMBER
International Standard Book Number 0521646510 (pbk.)
040 ## - CATALOGING SOURCE
Original cataloging agency DLC
Transcribing agency DLC
Modifying agency DLC
050 00 - LIBRARY OF CONGRESS CALL NUMBER
Classification number QH344
Item number .A35 1998
082 00 - DEWEY DECIMAL CLASSIFICATION NUMBER
Classification number 514.5AGR 1996
100 1# - MAIN ENTRY--PERSONAL NAME
Personal name Ågren, Göran I.
9 (RLIN) 14186
245 10 - TITLE STATEMENT
Title Theoretical ecosystem ecology :
Remainder of title understanding element cycles /
Statement of responsibility, etc. Göran Ågren & Ernesto Bosatta.
260 ## - PUBLICATION, DISTRIBUTION, ETC. (IMPRINT)
Place of publication, distribution, etc. Cambridge ;
-- New York, NY :
Name of publisher, distributor, etc. Cambridge University Press,
Date of publication, distribution, etc. 1996
300 ## - PHYSICAL DESCRIPTION
Extent xvi, 234 p. :
Other physical details ill.. ;
Dimensions 23 cm.
504 ## - BIBLIOGRAPHY, ETC. NOTE
Bibliography, etc Includes bibliographical references (p. [201]-221) and index.
650 #0 - SUBJECT ADDED ENTRY--TOPICAL TERM
Topical term or geographic name as entry element Biogeochemical cycles
General subdivision Mathematical models.
9 (RLIN) 14187
650 #0 - SUBJECT ADDED ENTRY--TOPICAL TERM
Topical term or geographic name as entry element Plant ecophysiology
General subdivision Mathematical models.
9 (RLIN) 14188
650 #0 - SUBJECT ADDED ENTRY--TOPICAL TERM
Topical term or geographic name as entry element Soil ecology
General subdivision Mathematical models.
9 (RLIN) 14189
700 1# - ADDED ENTRY--PERSONAL NAME
Personal name Bosatta, Ernesto.
9 (RLIN) 14190
856 42 - ELECTRONIC LOCATION AND ACCESS
Materials specified Publisher description
Uniform Resource Identifier http://www.loc.gov/catdir/description/cam027/96018908.html
856 41 - ELECTRONIC LOCATION AND ACCESS
Materials specified Table of contents
Uniform Resource Identifier http://www.loc.gov/catdir/toc/cam025/96018908.html
906 ## - LOCAL DATA ELEMENT F, LDF (RLIN)
a 7
b cbc
c orignew
d 1
e ocip
f 19
g y-gencatlg
942 ## - ADDED ENTRY ELEMENTS (KOHA)
Source of classification or shelving scheme Dewey Decimal Classification
Koha item type Open Shelf
Holdings
Withdrawn status Lost status Source of classification or shelving scheme Damaged status Not for loan Home library Current library Date acquired Source of acquisition Inventory number Total Checkouts Full call number Barcode Date last seen Price effective from Koha item type
    Dewey Decimal Classification     MUST Main Library MUST Main Library 10/05/2021 Purchase 03/18344   514.5AGR 1996 2021-0494 10/05/2021 10/05/2021 Open Shelf